| Tag |
First Indicator |
Second Indicator |
Subfields |
| LEADER |
00000pam a2200000 a 4500 |
| 001 |
in00000097500 |
| 005 |
20150924085149.0 |
| 008 |
801119s1981 nyu j 00011 engm |
| 010 |
|
|
|a 80029467
|
| 020 |
|
|
|a 0027829405
|
| 035 |
|
|
|a (OCoLC)07178795
|
| 035 |
|
|
|9 AAK9121AM
|
| 040 |
|
|
|a DLC
|c DLC
|d m.c.
|d TXA
|d UtOrBLW
|
| 049 |
|
|
|a [Curr Col] TXAM
|c [985831]
|
| 050 |
0 |
0 |
|a PZ7 S6318
|b Le
|
| 082 |
0 |
|
|a [Fic]
|2 19
|
| 100 |
1 |
|
|a Slepian, Jan.
|
| 245 |
1 |
0 |
|a Lester's turn /
|c Jan Slepian.
|
| 264 |
|
1 |
|a New York :
|b Macmillan ;
|a London :
|b Collier MacMillan Publishers,
|c [1981]
|
| 264 |
|
4 |
|c ©1981
|
| 300 |
|
|
|a 139 pages ;
|c 22 cm.
|
| 336 |
|
|
|a text
|b txt
|2 rdacontent
|
| 337 |
|
|
|a unmediated
|b n
|2 rdamedia
|
| 338 |
|
|
|a volume
|b nc
|2 rdacarrier
|
| 520 |
|
|
|a When 16-year-old Lester, himself a victim of cerebral palsy, takes his retarded friend from the hospital for the weekend, tragedy ensues, forcing Lester to examine the real meaning of their relationship.
|
| 650 |
|
1 |
|a Friendship
|x Fiction.
|
| 650 |
|
1 |
|a Cerebral palsy
|x Fiction.
|
| 650 |
|
1 |
|a People with social disabilities
|v Fiction.
|
| 650 |
|
1 |
|a People with mental disabilities
|v Fiction.
|
| 999 |
|
|
|a MARS
|
| 999 |
f |
f |
|s e972c7ca-86c3-3509-ab62-09f1cf7bcf1e
|i 7287a42a-5f5b-33b0-9859-6f3d36bc83c9
|t 0
|
| 952 |
f |
f |
|p normal
|a Texas A&M University
|b College Station
|c Sterling C. Evans Library
|d Evans: Curriculum Collection (4th floor)
|t 0
|e PZ7 S6318 Le
|h Library of Congress classification
|i unmediated -- volume
|m A14806040178
|
| 998 |
f |
f |
|a PZ7 S6318 Le
|t 0
|l Evans: Curriculum Collection (4th floor)
|